| 000 | 01304nam a22002897i 4500 | ||
|---|---|---|---|
| 999 |
_c23643 _d23643 |
||
| 003 | AR-CdUCM | ||
| 008 | 260427b pe ||||| |||| 00| 0 spa d | ||
| 020 | _a978-612-5111-07-4 | ||
| 040 |
_aMUNICIPALIDAD PROVINCIAL DEL CUSCO _cBIBLIOTECA MUNICIPAL DEL CUSCO |
||
| 041 | _hspa | ||
| 082 |
_a613 _bP45 |
||
| 100 |
_aPérez-Albela, José Luis _952726 |
||
| 245 |
_a¿Cómo estás tú? ¡Bien de salud! : _b108 artículos que te llevarán hacia un viaje de sabiduría y bienestar integral / |
||
| 260 |
_aPerú : _bEditorial Diana _c2023 |
||
| 300 |
_a174 páginas. : _c15x23 cm. |
||
| 500 | _zBibliografía : páginas del 173 - 174 | ||
| 505 | _aSalud -- Alimentos veganos para la anemia -- Dúchate con agua fría -- El cáncer y las algas -- Agradece por todo -- Toma baños de vapor -- El poder antiviral de las plantas -- Sexualidad saludable -- El sueño sagrado -- Los beneficios del ayuno -- La luna llena y el sueño -- Las súper raíces -- La <<enfermedad de la prisa>> -- El poder de la bendición | ||
| 650 |
_aSalud _98684 |
||
| 650 |
_aSabiduría _927164 |
||
| 650 |
_aNutrición _92384 |
||
| 650 |
_aAlimentos _97656 |
||
| 650 |
_aPoder _94273 |
||
| 650 |
_aSexualidad _99609 |
||
| 856 | _fwww.planetadelibros.com.pe | ||
| 942 |
_2ddc _cLIBROS |
||
| 945 |
_aesh _d27-04-2026 |
||